Statistics for All Doctor Who Stories

Click here to take the quiz!

General Stats

  • This quiz has been taken 1,406 times
  • The average score is 118 of 245

Answer Stats

# Story % Correct
161Rose
85%
165Dalek
82%
1An Unearthly Child
75%
190Blink
73%
2The Daleks
72%
170Bad Wolf/The Parting of the Ways
72%
168The Empty Child/The Doctor Dances
71%
162The End of the World
70%
172New Earth
66%
171The Christmas Invasion
66%
78Genesis of the Daleks
66%
181Army of Ghosts/Doomsday
65%
191Utopia/The Sound of Drums/Last of the Time Lords
65%
164Aliens of London/World War Three
65%
183Smith and Jones
64%
206The End of Time
64%
169Boom Town
64%
207The Eleventh Hour
64%
244The Day of the Doctor
64%
29The Tenth Planet
63%
201Turn Left
63%
200Midnight
63%
65The Three Doctors
62%
167Father's Day
62%
216The Pandorica Opens/The Big Bang
62%
245The Time of the Doctor
62%
175The Girl in the Fireplace
61%
174School Reunion
61%
199Silence in the Library/Forest of the Dead
61%
163The Unquiet Dead
61%
185Gridlock
61%
130The Five Doctors
61%
173Tooth and Claw
61%
166The Long Game
60%
205The Waters of Mars
60%
189Human Nature/The Family of Blood
60%
176Rise of the Cybermen/The Age of Steel
60%
202The Stolen Earth/Journey's End
60%
178The Impossible Planet/The Satan Pit
60%
18842
60%
4Marco Polo
60%
75Robot
60%
6The Aztecs
59%
193Partners in Crime
59%
184The Shakespeare Code
59%
192Voyage of the Damned
59%
182The Runaway Bride
59%
243The Name of the Doctor
59%
160Doctor Who
59%
186Daleks in Manhattan/Evolution of the Daleks
58%
180Fear Her
58%
194The Fires of Pompeii
58%
208The Beast Below
57%
179Love & Monsters
57%
116Logopolis
57%
141The Two Doctors
57%
50The War Games
57%
51Spearhead from Space
57%
37The Tomb of the Cybermen
57%
196The Sontaran Stratagem/The Poison Sky
57%
195Planet of the Ood
56%
204Planet of the Dead
55%
210The Time of Angels/Flesh and Stone
55%
46The Invasion
55%
74Planet of the Spiders
55%
23The Ark
55%
198The Unicorn and the Wasp
55%
217A Christmas Carol
55%
136The Caves of Androzani
55%
177The Idiot's Lantern
55%
203The Next Doctor
55%
215The Lodger
54%
218The Impossible Astronaut/Day of the Moon
54%
197The Doctor's Daughter
54%
52Doctor Who and the Silurians
54%
54Inferno
54%
234The Angels Take Manhattan
54%
3The Edge of Destruction
54%
187The Lazarus Experiment
54%
10The Dalek Invasion of Earth
54%
228The Wedding of River Song
53%
212Amy's Choice
53%
213The Hungry Earth/Cold Blood
53%
211The Vampires of Venice
52%
214Vincent and the Doctor
52%
209Victory of the Daleks
52%
223Let's Kill Hitler
52%
55Terror of the Autons
52%
30The Power of the Daleks
52%
159Survival
51%
231Dinosaurs on a Spaceship
51%
12The Romans
51%
233The Power of Three
51%
148Time and the Rani
51%
220The Doctor's Wife
51%
76The Ark in Space
50%
105City of Death
50%
79Revenge of the Cybermen
50%
242Nightmare in Silver
50%
122Earthshock
50%
222A Good Man Goes to War
50%
230Asylum of the Daleks
49%
117Castrovalva
49%
39The Ice Warriors
49%
21The Daleks' Master Plan
49%
16The Chase
49%
152Remembrance of the Daleks
49%
69The Green Death
49%
235The Snowmen
49%
70The Time Warrior
49%
77The Sontaran Experiment
49%
80Terror of the Zygons
48%
36The Evil of the Daleks
48%
62The Sea Devils
48%
225The Girl Who Waited
48%
241The Crimson Horror
47%
7The Sensorites
47%
5The Keys of Marinus
47%
221The Rebel Flesh/The Almost People
47%
236The Bells of Saint John
47%
27The War Machines
47%
229The Doctor, the Widow and the Wardrobe
47%
238Cold War
46%
41The Web of Fear
46%
33The Moonbase
46%
154Silver Nemesis
46%
239Hide
46%
227Closing Time
46%
60Day of the Daleks
46%
31The Highlanders
46%
138Attack of the Cybermen
46%
104Destiny of the Daleks
46%
137The Twin Dilemma
46%
48The Seeds of Death
45%
68Planet of the Daleks
45%
72Death to the Daleks
45%
8The Reign of Terror
45%
232A Town Called Mercy
45%
143Revelation of the Daleks
44%
87The Hand of Fear
44%
17The Time Meddler
44%
240Journey to the Centre of the TARDIS
44%
237The Rings of Akhaten
44%
158The Curse of Fenric
44%
71Invasion of the Dinosaurs
44%
40The Enemy of the World
44%
226The God Complex
44%
219The Curse of the Black Spot
44%
11The Rescue
43%
9Planet of Giants
43%
115The Keeper of Traken
43%
119Kinda
43%
59The Dæmons
43%
28The Smugglers
43%
88The Deadly Assassin
43%
134Resurrection of the Daleks
43%
224Night Terrors
42%
66Carnival of Monsters
42%
43The Wheel in Space
42%
25The Gunfighters
42%
82Pyramids of Mars
42%
99The Pirate Planet
42%
155The Greatest Show in the Galaxy
42%
140The Mark of the Rani
42%
157Ghost Light
42%
89The Face of Evil
41%
34The Macra Terror
41%
32The Underwater Menace
41%
26The Savages
41%
24The Celestial Toymaker
41%
53The Ambassadors of Death
41%
56The Mind of Evil
41%
97The Invasion of Time
41%
91The Talons of Weng-Chiang
41%
90The Robots of Death
41%
61The Curse of Peladon
41%
135Planet of Fire
41%
123Time-Flight
40%
73The Monster of Peladon
40%
64The Time Monster
40%
121Black Orchid
40%
22The Massacre of St Bartholomew's Eve
40%
156Battlefield
40%
85The Seeds of Doom
40%
142Timelash
40%
125Snakedance
40%
151Dragonfire
40%
114Warriors' Gate
39%
13The Web Planet
39%
150Delta and the Bannermen
39%
109Shada
39%
92Horror of Fang Rock
39%
153The Happiness Patrol
39%
47The Krotons
39%
49The Space Pirates
39%
44The Dominators
39%
118Four to Doomsday
39%
15The Space Museum
39%
147The Ultimate Foe
39%
146Terror of the Vervoids
39%
83The Android Invasion
38%
131Warriors of the Deep
38%
38The Abominable Snowmen
38%
111Meglos
38%
112Full Circle
38%
149Paradise Towers
38%
67Frontier in Space
38%
100The Stones of Blood
38%
101The Androids of Tara
37%
45The Mind Robber
37%
145Mindwarp
37%
18Galaxy 4
37%
127Terminus
37%
84The Brain of Morbius
37%
139Vengeance on Varos
37%
113State of Decay
36%
63The Mutants
36%
126Mawdryn Undead
36%
19Mission to the Unknown
36%
98The Ribos Operation
36%
110The Leisure Hive
36%
103The Armageddon Factor
36%
35The Faceless Ones
36%
42Fury from the Deep
35%
14The Crusade
35%
58Colony in Space
35%
20The Myth Makers
35%
57The Claws of Axos
35%
102The Power of Kroll
35%
95The Sun Makers
35%
144The Mysterious Planet
35%
124Arc of Infinity
35%
128Enlightenment
35%
120The Visitation
34%
81Planet of Evil
34%
86The Masque of Mandragora
34%
93The Invisible Enemy
34%
108The Horns of Nimon
33%
133Frontios
33%
129The King's Demons
33%
132The Awakening
32%
96Underworld
31%
106The Creature from the Pit
31%
94Image of the Fendahl
30%
107Nightmare of Eden
28%

Score Distribution

Percentile by Number Answered

Percent of People with Each Score

Your Score History

You have not taken this quiz